[Event "DEM U12w 2023"]
[Site "Willingen GER"]
[Date "2023.05.28"]
[Round "1"]
[White "John, Linnea"]
[Black "Malagatte, Samiksha"]
[Result "1/2-1/2"]
[Termination "normal"]
[Board "9"]
[WhiteElo "1396"]
[BlackElo "1214"]
[WhiteClock "00:09:24"]
[BlackClock "00:57:27"]
[PlyCount "60"]
[WhiteFideId "34623680"]
[BlackFideId "34633790"]
[EventCountry "GER"]
[EventRounds "9"]
[EventType "swiss"]
[EventDate "2023.05.27"]

1. e4 {[%clk 01:30:57]  [%emt 00:00:02]} 1... e5 {[%clk 01:30:56]  [%emt
00:00:05]} 2. Nf3 {[%clk 01:31:23]  [%emt 00:00:04]} 2... Nc6 {[%clk 01:31:21] 
[%emt 00:00:05]} 3. d4 {[%clk 01:31:47]  [%emt 00:00:05]} 3... exd4 {[%clk
01:31:46]  [%emt 00:00:05]} 4. Nxd4 {[%clk 01:32:11]  [%emt 00:00:05]} 4... Nf6
{[%clk 01:32:07]  [%emt 00:00:10]} 5. Nxc6 {[%clk 01:32:26]  [%emt 00:00:15]}
5... bxc6 {[%clk 01:32:27]  [%emt 00:00:10]} 6. Bd3 {[%clk 01:32:42]  [%emt
00:00:14]} 6... d5 {[%clk 01:32:49]  [%emt 00:00:08]} 7. exd5 {[%clk 01:32:51] 
[%emt 00:00:21]} 7... cxd5 {[%clk 01:33:12]  [%emt 00:00:07]} 8. O-O {[%clk
01:33:10]  [%emt 00:00:10]} 8... Bd6 {[%clk 01:32:41]  [%emt 00:01:02]} 9. Re1+
{[%clk 01:33:09]  [%emt 00:00:31]} 9... Be7 {[%clk 01:32:35]  [%emt 00:00:35]}
10. Qe2 {[%clk 01:32:07]  [%emt 00:01:33]} 10... Be6 {[%clk 01:32:20]  [%emt
00:00:45]} 11. Bb5+ {[%clk 01:28:57]  [%emt 00:03:40]} 11... Nd7 {[%clk
01:31:33]  [%emt 00:01:17]} 12. Bc6 {[%clk 01:19:36]  [%emt 00:09:51]} 12...
Rb8 {[%clk 01:30:01]  [%emt 00:02:02]} 13. Qd3 {[%clk 01:13:56]  [%emt
00:06:09]} 13... O-O {[%clk 01:27:36]  [%emt 00:02:56]} 14. Bxd5 {[%clk
01:09:57]  [%emt 00:04:29]} 14... Nc5 {[%clk 01:27:12]  [%emt 00:00:54]} 15.
Qd4 {[%clk 00:50:48]  [%emt 00:19:40]} 15... c6 {[%clk 01:26:49]  [%emt
00:00:53]} 16. Bf4 {[%clk 00:47:54]  [%emt 00:03:24]} 16... Rc8 {[%clk
01:24:58]  [%emt 00:02:20]} 17. Be5 {[%clk 00:46:54]  [%emt 00:01:30]} 17...
Qxd5 {[%clk 01:22:52]  [%emt 00:02:36]} 18. Qf4 {[%clk 00:39:24]  [%emt
00:07:59]} 18... Rfd8 {[%clk 01:18:40]  [%emt 00:04:43]} 19. Nc3 {[%clk
00:33:39]  [%emt 00:06:16]} 19... Qd2 {[%clk 01:17:14]  [%emt 00:01:55]} 20.
Qg3 {[%clk 00:24:58]  [%emt 00:09:11]} 20... Qg5 {[%clk 01:15:48]  [%emt
00:01:56]} 21. Qf3 {[%clk 00:21:10]  [%emt 00:04:18]} 21... Bd6 {[%clk
01:12:05]  [%emt 00:04:13]} 22. Bxd6 {[%clk 00:19:48]  [%emt 00:01:52]} 22...
Rxd6 {[%clk 01:12:12]  [%emt 00:00:23]} 23. b4 {[%clk 00:18:24]  [%emt
00:01:55]} 23... Bd5 {[%clk 01:03:43]  [%emt 00:08:59]} 24. Nxd5 {[%clk
00:17:48]  [%emt 00:01:05]} 24... Rxd5 {[%clk 01:03:54]  [%emt 00:00:19]} 25.
bxc5 {[%clk 00:17:49]  [%emt 00:00:30]} 25... Rxc5 {[%clk 01:03:21]  [%emt
00:01:02]} 26. h4 {[%clk 00:14:27]  [%emt 00:03:52]} 26... Qf5 {[%clk 01:00:00]
 [%emt 00:03:49]} 27. Qxf5 {[%clk 00:12:19]  [%emt 00:02:39]} 27... Rxf5 {[%clk
00:59:29]  [%emt 00:01:02]} 28. Re7 {[%clk 00:12:25]  [%emt 00:00:24]} 28... a5
{[%clk 00:59:44]  [%emt 00:00:15]} 29. Rd1 {[%clk 00:10:06]  [%emt 00:02:48]}
29... Rd5 {[%clk 00:58:11]  [%emt 00:02:04]} 30. Rxd5 {[%clk 00:09:24]  [%emt
00:01:13]} 30... cxd5 {[%clk 00:57:27]  [%emt 00:01:14]} 1/2-1/2

[Event "DEM U12w 2023"]
[Site "Willingen GER"]
[Date "2023.05.28"]
[Round "1"]
[White "Wang, Enya Marie"]
[Black "Glotz, Katharina"]
[Result "1-0"]
[Termination "normal"]
[Board "10"]
[WhiteElo "1156"]
[BlackElo "1411"]
[WhiteClock "00:51:07"]
[BlackClock "00:02:03"]
[PlyCount "43"]
[WhiteFideId "34660330"]
[BlackFideId "34631011"]
[EventCountry "GER"]
[EventRounds "9"]
[EventType "swiss"]
[EventDate "2023.05.27"]

1. e4 {[%clk 01:30:58]  [%emt 00:00:01]} 1... c5 {[%clk 01:30:49]  [%emt
00:00:10]} 2. c3 {[%clk 01:31:16]  [%emt 00:00:13]} 2... Nc6 {[%clk 01:28:12] 
[%emt 00:03:06]} 3. Nf3 {[%clk 01:31:22]  [%emt 00:00:24]} 3... e6 {[%clk
01:25:46]  [%emt 00:02:56]} 4. e5 {[%clk 01:28:15]  [%emt 00:03:38]} 4... d5
{[%clk 01:22:15]  [%emt 00:04:00]} 5. exd6 {[%clk 01:24:51]  [%emt 00:03:55]}
5... Bxd6 {[%clk 01:21:50]  [%emt 00:00:54]} 6. Na3 {[%clk 01:23:30]  [%emt
00:01:52]} 6... Nf6 {[%clk 01:18:21]  [%emt 00:03:59]} 7. Be2 {[%clk 01:22:06] 
[%emt 00:01:54]} 7... O-O {[%clk 01:17:17]  [%emt 00:01:34]} 8. Nc4 {[%clk
01:21:58]  [%emt 00:00:38]} 8... Bc7 {[%clk 01:15:09]  [%emt 00:02:38]} 9. d4
{[%clk 01:19:55]  [%emt 00:02:33]} 9... cxd4 {[%clk 01:10:14]  [%emt 00:05:25]}
10. cxd4 {[%clk 01:20:01]  [%emt 00:00:24]} 10... a6 {[%clk 00:51:13]  [%emt
00:19:30]} 11. a4 {[%clk 01:18:35]  [%emt 00:01:56]} 11... Bb6 {[%clk 00:39:27]
 [%emt 00:12:15]} 12. Be3 {[%clk 01:13:16]  [%emt 00:05:51]} 12... Ba7 {[%clk
00:28:50]  [%emt 00:11:07]} 13. O-O {[%clk 01:10:40]  [%emt 00:03:05]} 13... b5
{[%clk 00:18:56]  [%emt 00:10:24]} 14. axb5 {[%clk 01:10:34]  [%emt 00:00:36]}
14... axb5 {[%clk 00:19:12]  [%emt 00:00:15]} 15. Nce5 {[%clk 01:09:41]  [%emt
00:01:22]} 15... Qd5 {[%clk 00:12:06]  [%emt 00:07:32]} 16. Nxc6 {[%clk
01:04:35]  [%emt 00:05:41]} 16... Qxc6 {[%clk 00:10:45]  [%emt 00:01:50]} 17.
Ne5 {[%clk 01:04:15]  [%emt 00:00:51]} 17... Qb6 {[%clk 00:04:05]  [%emt
00:07:10]} 18. d5 {[%clk 01:01:22]  [%emt 00:03:23]} 18... Qd6 {[%clk 00:02:33]
 [%emt 00:02:01]} 19. Nc6 {[%clk 00:59:14]  [%emt 00:02:39]} 19... Bb8 {[%clk
00:02:22]  [%emt 00:00:41]} 20. g3 {[%clk 00:53:17]  [%emt 00:06:27]} 20...
Rxa1 {[%clk 00:01:47]  [%emt 00:01:05]} 21. Qxa1 {[%clk 00:52:49]  [%emt
00:00:58]} 21... Nxd5 {[%clk 00:02:03]  [%emt 00:00:14]} 22. Bxb5 {[%clk
00:51:07]  [%emt 00:02:12]} 1-0

[Event "DEM U12w 2023"]
[Site "Willingen GER"]
[Date "2023.05.28"]
[Round "1"]
[White "Bakó, Isabella"]
[Black "Albrecht, Sidney Jenna"]
[Result "1-0"]
[Termination "normal"]
[Board "11"]
[WhiteElo "1214"]
[BlackElo "1079"]
[WhiteClock "00:20:08"]
[BlackClock "00:26:33"]
[PlyCount "95"]
[WhiteFideId "16287266"]
[BlackFideId "34660283"]
[EventCountry "GER"]
[EventRounds "9"]
[EventType "swiss"]
[EventDate "2023.05.27"]

1. e4 {[%clk 01:30:56]  [%emt 00:00:02]} 1... c5 {[%clk 01:30:53]  [%emt
00:00:08]} 2. Nf3 {[%clk 01:31:12]  [%emt 00:00:14]} 2... Nc6 {[%clk 01:31:11] 
[%emt 00:00:12]} 3. d4 {[%clk 01:31:04]  [%emt 00:00:37]} 3... cxd4 {[%clk
01:31:12]  [%emt 00:00:30]} 4. Nxd4 {[%clk 01:30:57]  [%emt 00:00:36]} 4... g6
{[%clk 01:31:28]  [%emt 00:00:15]} 5. c4 {[%clk 01:30:57]  [%emt 00:00:30]}
5... Bg7 {[%clk 01:31:02]  [%emt 00:00:57]} 6. Be3 {[%clk 01:31:06]  [%emt
00:00:20]} 6... Nf6 {[%clk 01:30:54]  [%emt 00:00:37]} 7. Nc3 {[%clk 01:31:21] 
[%emt 00:00:16]} 7... Ng4 {[%clk 01:30:20]  [%emt 00:01:04]} 8. Qxg4 {[%clk
01:31:13]  [%emt 00:00:39]} 8... Nxd4 {[%clk 01:29:56]  [%emt 00:00:54]} 9. Qd1
{[%clk 01:30:58]  [%emt 00:00:44]} 9... e5 {[%clk 01:29:25]  [%emt 00:01:02]}
10. Bd3 {[%clk 01:25:36]  [%emt 00:05:51]} 10... d6 {[%clk 01:28:13]  [%emt
00:01:42]} 11. O-O {[%clk 01:22:43]  [%emt 00:03:23]} 11... Qh4 {[%clk
01:16:08]  [%emt 00:12:35]} 12. Nd5 {[%clk 01:11:41]  [%emt 00:11:32]} 12...
O-O {[%clk 01:15:07]  [%emt 00:01:31]} 13. Qa4 {[%clk 01:01:59]  [%emt
00:10:11]} 13... a6 {[%clk 01:07:52]  [%emt 00:07:47]} 14. Nb6 {[%clk 00:53:54]
 [%emt 00:08:34]} 14... Ra7 {[%clk 01:03:32]  [%emt 00:04:50]} 15. Qb4 {[%clk
00:50:44]  [%emt 00:03:40]} 15... Qg4 {[%clk 01:01:55]  [%emt 00:02:07]} 16.
Bxd4 {[%clk 00:49:29]  [%emt 00:01:45]} 16... exd4 {[%clk 01:00:31]  [%emt
00:01:53]} 17. Qxd6 {[%clk 00:49:08]  [%emt 00:00:52]} 17... Be6 {[%clk
00:54:51]  [%emt 00:06:10]} 18. Qc5 {[%clk 00:47:34]  [%emt 00:02:02]} 18...
Rd8 {[%clk 00:52:29]  [%emt 00:02:54]} 19. f4 {[%clk 00:43:23]  [%emt
00:04:41]} 19... f5 {[%clk 00:50:42]  [%emt 00:02:18]} 20. Qe7 {[%clk 00:42:18]
 [%emt 00:01:33]} 20... Rf8 {[%clk 00:40:33]  [%emt 00:10:39]} 21. Qxe6+ {[%clk
00:41:34]  [%emt 00:01:14]} 21... Kh8 {[%clk 00:37:31]  [%emt 00:04:16]} 22.
exf5 {[%clk 00:36:09]  [%emt 00:06:11]} 22... gxf5 {[%clk 00:37:16]  [%emt
00:00:46]} 23. Nd7 {[%clk 00:34:56]  [%emt 00:01:43]} 23... Rg8 {[%clk
00:36:10]  [%emt 00:01:36]} 24. Ne5 {[%clk 00:31:00]  [%emt 00:04:25]} 24...
Bxe5 {[%clk 00:36:23]  [%emt 00:00:18]} 25. Qxe5+ {[%clk 00:30:39]  [%emt
00:00:51]} 25... Rg7 {[%clk 00:36:28]  [%emt 00:00:26]} 26. g3 {[%clk 00:29:32]
 [%emt 00:01:36]} 26... Ra8 {[%clk 00:34:41]  [%emt 00:02:17]} 27. Qxd4 {[%clk
00:27:55]  [%emt 00:02:06]} 27... Re8 {[%clk 00:31:13]  [%emt 00:03:59]} 28.
Rae1 {[%clk 00:25:40]  [%emt 00:02:45]} 28... Reg8 {[%clk 00:29:59]  [%emt
00:01:43]} 29. Re7 {[%clk 00:24:00]  [%emt 00:02:09]} 29... h6 {[%clk 00:28:08]
 [%emt 00:02:22]} 30. Rxg7 {[%clk 00:23:24]  [%emt 00:01:07]} 30... Rxg7 {[%clk
00:28:25]  [%emt 00:00:13]} 31. Qe5 {[%clk 00:22:40]  [%emt 00:01:13]} 31...
Qg6 {[%clk 00:27:04]  [%emt 00:01:51]} 32. Bxf5 {[%clk 00:22:05]  [%emt
00:01:05]} 32... Qb6+ {[%clk 00:27:12]  [%emt 00:00:23]} 33. c5 {[%clk
00:20:15]  [%emt 00:02:20]} 33... Qc6 {[%clk 00:25:42]  [%emt 00:01:59]} 34.
Re1 {[%clk 00:16:22]  [%emt 00:04:24]} 34... h5 {[%clk 00:25:04]  [%emt
00:01:07]} 35. Qe8+ {[%clk 00:16:08]  [%emt 00:00:44]} 35... Qxe8 {[%clk
00:24:21]  [%emt 00:01:14]} 36. Rxe8+ {[%clk 00:16:30]  [%emt 00:00:08]} 36...
Rg8 {[%clk 00:24:40]  [%emt 00:00:10]} 37. Rxg8+ {[%clk 00:16:47]  [%emt
00:00:14]} 37... Kxg8 {[%clk 00:24:58]  [%emt 00:00:11]} 38. Bc8 {[%clk
00:17:07]  [%emt 00:00:11]} 38... Kf7 {[%clk 00:24:48]  [%emt 00:00:39]} 39.
Bxb7 {[%clk 00:17:31]  [%emt 00:00:07]} 39... Ke7 {[%clk 00:25:05]  [%emt
00:00:13]} 40. c6 {[%clk 00:17:58]  [%emt 00:00:04]} 40... Kd8 {[%clk 00:25:22]
 [%emt 00:00:12]} 41. f5 {[%clk 00:18:18]  [%emt 00:00:11]} 41... Ke7 {[%clk
00:25:20]  [%emt 00:00:31]} 42. f6+ {[%clk 00:18:32]  [%emt 00:00:16]} 42...
Kxf6 {[%clk 00:25:42]  [%emt 00:00:08]} 43. c7 {[%clk 00:18:58]  [%emt
00:00:04]} 43... Ke5 {[%clk 00:26:01]  [%emt 00:00:10]} 44. c8=Q {[%clk
00:19:21]  [%emt 00:00:07]} 44... Kd4 {[%clk 00:26:12]  [%emt 00:00:20]} 45.
Qf5 {[%clk 00:19:27]  [%emt 00:00:23]} 45... Kc4 {[%clk 00:26:18]  [%emt
00:00:25]} 46. Qd5+ {[%clk 00:19:49]  [%emt 00:00:08]} 46... Kb4 {[%clk
00:26:32]  [%emt 00:00:16]} 47. Bxa6 {[%clk 00:19:55]  [%emt 00:00:25]} 47...
h4 {[%clk 00:26:33]  [%emt 00:00:28]} 48. Qb5# {[%clk 00:20:08]  [%emt
00:00:16]} 1-0

[Event "DEM U12w 2023"]
[Site "Willingen GER"]
[Date "2023.05.28"]
[Round "1"]
[White "Krannich, Eva"]
[Black "Will, Elina"]
[Result "0-1"]
[Termination "normal"]
[Board "12"]
[WhiteElo "1025"]
[BlackElo "1431"]
[WhiteClock "01:08:38"]
[BlackClock "00:53:03"]
[PlyCount "50"]
[WhiteFideId "34639713"]
[BlackFideId "34623434"]
[EventCountry "GER"]
[EventRounds "9"]
[EventType "swiss"]
[EventDate "2023.05.27"]

1. e3 {[%clk 01:30:58]} 1... e5 {[%clk 01:30:53]  [%emt 00:00:08]} 2. d4 {[%clk
01:31:23]  [%emt 00:00:05]} 2... exd4 {[%clk 01:31:19]  [%emt 00:00:04]} 3.
exd4 {[%clk 01:31:43]  [%emt 00:00:10]} 3... d5 {[%clk 01:31:46]  [%emt
00:00:03]} 4. Bd3 {[%clk 01:32:00]  [%emt 00:00:13]} 4... Nc6 {[%clk 01:32:01] 
[%emt 00:00:16]} 5. Ne2 {[%clk 01:31:59]  [%emt 00:00:30]} 5... Bd6 {[%clk
01:31:21]  [%emt 00:01:09]} 6. Nbc3 {[%clk 01:32:05]  [%emt 00:00:25]} 6...
Nge7 {[%clk 01:30:27]  [%emt 00:01:24]} 7. Bg5 {[%clk 01:30:56]  [%emt
00:01:40]} 7... f6 {[%clk 01:30:41]  [%emt 00:00:15]} 8. Bh4 {[%clk 01:30:58] 
[%emt 00:00:28]} 8... Be6 {[%clk 01:24:34]  [%emt 00:06:37]} 9. Qd2 {[%clk
01:30:14]  [%emt 00:01:14]} 9... Qd7 {[%clk 01:24:09]  [%emt 00:00:56]} 10.
O-O-O {[%clk 01:29:36]  [%emt 00:01:07]} 10... O-O-O {[%clk 01:24:08]  [%emt
00:00:31]} 11. Bg3 {[%clk 01:27:55]  [%emt 00:02:11]} 11... a6 {[%clk 01:20:49]
 [%emt 00:03:50]} 12. a3 {[%clk 01:26:34]  [%emt 00:01:51]} 12... Nf5 {[%clk
01:11:13]  [%emt 00:10:06]} 13. Bxd6 {[%clk 01:23:00]  [%emt 00:04:03]} 13...
Qxd6 {[%clk 01:11:20]  [%emt 00:00:22]} 14. Bxf5 {[%clk 01:23:21]  [%emt
00:00:10]} 14... Bxf5 {[%clk 01:11:37]  [%emt 00:00:12]} 15. Nf4 {[%clk
01:20:38]  [%emt 00:03:14]} 15... Ne7 {[%clk 01:09:45]  [%emt 00:02:22]} 16. h3
{[%clk 01:18:30]  [%emt 00:02:38]} 16... c6 {[%clk 01:08:07]  [%emt 00:02:09]}
17. g4 {[%clk 01:15:39]  [%emt 00:03:21]} 17... Be4 {[%clk 01:07:23]  [%emt
00:01:13]} 18. Nxe4 {[%clk 01:15:13]  [%emt 00:00:56]} 18... dxe4 {[%clk
01:07:48]  [%emt 00:00:06]} 19. Rhe1 {[%clk 01:14:19]  [%emt 00:01:24]} 19...
Ng6 {[%clk 00:52:40]  [%emt 00:15:37]} 20. Rxe4 {[%clk 01:11:30]  [%emt
00:03:19]} 20... Nxf4 {[%clk 00:52:07]  [%emt 00:01:03]} 21. Rxf4 {[%clk
01:09:40]  [%emt 00:02:20]} 21... Rhe8 {[%clk 00:52:25]  [%emt 00:00:12]} 22.
Rf3 {[%clk 01:09:24]  [%emt 00:00:47]} 22... c5 {[%clk 00:51:48]  [%emt
00:01:06]} 23. dxc5 {[%clk 01:08:11]} 23... Qxd2+ {[%clk 00:52:09]  [%emt
00:01:52]} 24. Rxd2 {[%clk 01:08:34]} 24... Re1+ {[%clk 00:52:36]  [%emt
00:00:10]} 25. Rd1 {[%clk 01:08:38]} 25... Rexd1# {[%clk 00:53:03]  [%emt
00:00:30]} 0-1

[Event "DEM U12w 2023"]
[Site "Willingen GER"]
[Date "2023.05.28"]
[Round "1"]
[White "Färber, Anna"]
[Black "Rutschmann, Polly"]
[Result "1-0"]
[Termination "normal"]
[Board "13"]
[WhiteElo "1252"]
[BlackElo "1023"]
[WhiteClock "00:53:07"]
[BlackClock "00:47:30"]
[PlyCount "71"]
[WhiteFideId "34633480"]
[BlackFideId "34621261"]
[EventCountry "GER"]
[EventRounds "9"]
[EventType "swiss"]
[EventDate "2023.05.27"]

1. e4 {[%clk 01:30:55]  [%emt 00:00:04]} 1... e5 {[%clk 01:30:49]  [%emt
00:00:11]} 2. Nf3 {[%clk 01:31:14]  [%emt 00:00:11]} 2... Nc6 {[%clk 01:31:03] 
[%emt 00:00:17]} 3. Bc4 {[%clk 01:31:31]  [%emt 00:00:13]} 3... Bc5 {[%clk
01:31:10]  [%emt 00:00:22]} 4. d3 {[%clk 01:31:45]  [%emt 00:00:17]} 4... h6
{[%clk 01:30:40]  [%emt 00:00:46]} 5. c3 {[%clk 01:31:18]  [%emt 00:01:10]}
5... d6 {[%clk 01:29:00]  [%emt 00:02:10]} 6. Nbd2 {[%clk 01:30:13]  [%emt
00:01:35]} 6... Bg4 {[%clk 01:27:05]  [%emt 00:02:25]} 7. h3 {[%clk 01:27:30] 
[%emt 00:03:13]} 7... Bh5 {[%clk 01:26:53]  [%emt 00:00:41]} 8. a4 {[%clk
01:26:40]  [%emt 00:01:21]} 8... Nf6 {[%clk 01:23:24]  [%emt 00:03:58]} 9. b4
{[%clk 01:26:05]  [%emt 00:01:06]} 9... Nxb4 {[%clk 01:21:31]  [%emt 00:02:23]}
10. cxb4 {[%clk 01:25:57]  [%emt 00:00:39]} 10... Bxb4 {[%clk 01:21:29]  [%emt
00:00:18]} 11. g4 {[%clk 01:19:40]  [%emt 00:06:59]} 11... Bg6 {[%clk 01:17:56]
 [%emt 00:02:47]} 12. Qb3 {[%clk 01:19:22]  [%emt 00:02:04]} 12... Bxd2+ {[%clk
01:16:41]  [%emt 00:01:44]} 13. Bxd2 {[%clk 01:19:09]  [%emt 00:00:44]} 13...
b6 {[%clk 01:13:49]  [%emt 00:03:22]} 14. Bb5+ {[%clk 01:17:14]  [%emt
00:02:26]} 14... Nd7 {[%clk 01:12:06]  [%emt 00:02:11]} 15. Bc6 {[%clk
01:15:40]  [%emt 00:02:05]} 15... Rb8 {[%clk 01:11:19]  [%emt 00:01:17]} 16.
Qb5 {[%clk 01:14:49]  [%emt 00:01:21]} 16... Qe7 {[%clk 01:00:09]  [%emt
00:11:39]} 17. Rc1 {[%clk 01:10:09]  [%emt 00:05:12]} 17... Rd8 {[%clk
00:59:19]  [%emt 00:01:17]} 18. Bxd7+ {[%clk 01:09:28]  [%emt 00:01:13]} 18...
Qxd7 {[%clk 00:58:34]  [%emt 00:01:14]} 19. Rxc7 {[%clk 01:09:02]  [%emt
00:00:57]} 19... Qxb5 {[%clk 00:57:21]  [%emt 00:01:43]} 20. axb5 {[%clk
01:09:22]  [%emt 00:00:11]} 20... Rd7 {[%clk 00:57:18]  [%emt 00:00:32]} 21.
Rc8+ {[%clk 01:08:37]  [%emt 00:01:16]} 21... Rd8 {[%clk 00:56:40]  [%emt
00:01:07]} 22. Rxd8+ {[%clk 01:06:24]  [%emt 00:02:44]} 22... Kxd8 {[%clk
00:56:47]  [%emt 00:00:22]} 23. Ke2 {[%clk 01:05:59]  [%emt 00:00:56]} 23...
Ke7 {[%clk 00:56:45]  [%emt 00:00:31]} 24. Rc1 {[%clk 01:05:15]  [%emt
00:01:15]} 24... Ra8 {[%clk 00:56:39]  [%emt 00:00:36]} 25. Rc6 {[%clk
01:02:46]  [%emt 00:03:00]} 25... a5 {[%clk 00:54:53]  [%emt 00:02:17]} 26.
Rxb6 {[%clk 01:00:42]  [%emt 00:02:34]} 26... a4 {[%clk 00:55:07]  [%emt
00:00:15]} 27. Bb4 {[%clk 00:55:13]  [%emt 00:06:00]} 27... a3 {[%clk 00:54:07]
 [%emt 00:01:29]} 28. Rxd6 {[%clk 00:53:06]  [%emt 00:02:37]} 28... Ke8 {[%clk
00:53:11]  [%emt 00:01:26]} 29. Ra6 {[%clk 00:52:44]  [%emt 00:00:53]} 29...
Rxa6 {[%clk 00:53:18]  [%emt 00:00:23]} 30. bxa6 {[%clk 00:53:08]  [%emt
00:00:06]} 30... a2 {[%clk 00:53:01]  [%emt 00:00:47]} 31. Bc3 {[%clk 00:53:30]
 [%emt 00:00:08]} 31... Kd7 {[%clk 00:49:47]  [%emt 00:03:42]} 32. a7 {[%clk
00:53:50]  [%emt 00:00:11]} 32... Kc7 {[%clk 00:50:02]  [%emt 00:00:14]} 33.
a8=Q {[%clk 00:54:13]  [%emt 00:00:09]} 33... Kd7 {[%clk 00:48:04]  [%emt
00:02:27]} 34. Nxe5+ {[%clk 00:54:12]  [%emt 00:00:32]} 34... Ke6 {[%clk
00:47:54]  [%emt 00:00:38]} 35. Qe8+ {[%clk 00:53:45]  [%emt 00:00:58]} 35...
Kf6 {[%clk 00:47:30]  [%emt 00:00:54]} 36. Nf3# {[%clk 00:53:07]  [%emt
00:00:33]} 1-0